Experimental action research in developing countries

में बचाया:
ग्रंथसूची विवरण
मुख्य लेखक: Varga, Karoly
स्वरूप: मूलपाठ
प्रकाशित: Cartagena: A.I.S.
टैग: टैग जोड़ें
कोई टैग नहीं, इस रिकॉर्ड को टैग करने वाले पहले व्यक्ति बनें!

MARC

LEADER 00000 a a2200000 04500
001 16701
003
040 |a CRAI/IIS  |c CRAI/IIS 
090 |a 011300  
100 |a Varga, Karoly  
245 |a Experimental action research in developing countries  
260 |a Cartagena:   |b A.I.S.  
300 |a 24 p.  
999 |c 3861  |d 3861